000 00579nam a2200193Ia 4500
005 20250923144819.0
008 008 250917s9999 xx 000 0 eng d
037 _aTextual
040 _aDSWL
_beng
_cDSWL
041 _aeng
_2eng
084 _aX:99.L.3.N53t, J4
_qDSWL
245 0 _aReport on the committee of enquiry on the training of supervisors
_cby Ministry of Labour
260 _aLondon
_bHerMajesty and Stationary
_c1954
300 _a56p.
365 _aINR
_b35
925 _g35
942 _cTEXL
_hX:99.L.3.N53t, J4
999 _c1443675
_d1443675